| 000 | 00817pam a2200277 a 4500 | ||
|---|---|---|---|
| 001 | 4907624 | ||
| 003 | OSt | ||
| 005 | 20170105101210.0 | ||
| 008 | 940816s1995 ilua 001 0 eng | ||
| 010 | _a 94035112 | ||
| 020 | _a0256137994 | ||
| 040 |
_aDLC _cDLC _dDLC |
||
| 050 | 0 | 0 |
_aHB171.5 _b.C788 1995 |
| 082 | 0 | 0 |
_a330 _220 |
| 100 | 1 | _aColander, David C. | |
| 245 | 1 | 0 |
_aEconomics / _cDavid C. Colander. |
| 250 | _a2nd ed. | ||
| 260 |
_aChicago : _bIrwin, _cc1995. |
||
| 300 |
_a1 v. (various pagings) : _bill. (some col.) ; _c29 cm. |
||
| 440 | 4 | _aThe Irwin series in economics | |
| 500 | _aIncludes index. | ||
| 650 | 0 | _aEconomics. | |
| 906 |
_a7 _bcbc _corignew _d1 _eocip _f19 _gy-gencatlg |
||
| 942 |
_2ddc _cBK |
||
| 999 |
_c3162 _d3162 |
||